000 00422nam a2200169Ia 4500
008 230524s9999 xx 000 0 und d
082 _a530.141
_bREI
100 _aJohn R.Reitz
245 0 _aFoundations of Electromagnetic Theory
250 _a3RD
260 _aNEW DELHI
_bNarosa
_c1998
300 _a542
500 _aQuantity Number: 2
650 _aPhysics
700 _a"F.J.Milford , Christy,,,"
942 _cBK
999 _c12877
_d12877